| 000 | 01204cam a2200337 a 4500 | ||
|---|---|---|---|
| 001 | 15672965 | ||
| 003 | EG-ScBUE | ||
| 005 | 20220519094653.0 | ||
| 008 | 090325t2008 mau f b 001 0 eng d | ||
| 020 | _a1424005655 | ||
| 020 | _a9781424005659 | ||
| 035 | _a(OCoLC)ocn225889543 | ||
| 040 |
_aAZN _beng _erda _cAZN _dBAKER _dYDXCP _dBTCTA _dDLC _dEG-ScBUE |
||
| 082 | 0 | 4 |
_a428.24 _222 _bNAT |
| 100 | 1 |
_aNation, I. S. P., _eauthor. _99090 |
|
| 245 | 1 | 0 |
_aTeaching vocabulary : _bstrategies and techniques / _cI.S.P. Nation. |
| 264 | 1 |
_aBoston, MA : _bHeinle, _c[2008] |
|
| 264 | 4 | _cc2008 | |
| 300 |
_axiii, 222 pages ; _c23 cm |
||
| 336 |
_2rdacontent _atext _btxt |
||
| 337 |
_2rdamedia _aunmediated _bn |
||
| 338 |
_2rdacarrier _avolume _bnc |
||
| 504 | _aIncludes bibliographical references and index. | ||
| 650 | 7 |
_aEnglish language _xStudy and teaching _xForeign speakers. _99091 _2BUEsh |
|
| 650 | 7 |
_aVocabulary _xStudy and teaching. _99092 _2BUEsh |
|
| 651 | _2BUEsh | ||
| 653 | _bHHUUEENN | ||
| 655 |
_vReading book _934232 |
||
| 942 |
_2ddc _cBB |
||
| 999 |
_c12839 _d12839 |
||